Відповідальність за порушення порядку здійснення міжнародних передач товарів,що підлягають державному експортному контролю, за кримінальним законодавством України (Запис № 572430)
[ простий вигляд ]
| 000 -Лідер | |
|---|---|
| fixed length control field | 02896nam a22002297a 4500 |
| 003 - Ідентифікатор контрольного номера | |
| control field | UA-OsUOA |
| 005 - Дата та час останнього входження (трансакції) | |
| control field | 20220422135320.0 |
| 008 - Елементи даних фіксованої довжини – загальна інформація | |
| fixed length control field | 220422b un ||||| |||| 00| 0 ukr d |
| 040 ## - Джерело каталогізації | |
| Агенція оригінальної каталогізації | UA-OsUOA |
| Мова каталогізації | ukr |
| Агенція, яка здійснювала перезапис | UA-OsUOA |
| Агенція, яка здійснювала модифікацію | UA-OsUOA |
| 041 ## - Код мови | |
| Код мови тексту/ звукової доріжки чи окремого заголовка (П) | ukr |
| 080 ## - Індекс Універсальної десяткової класифікації | |
| Індекс Універсальної десяткової класифікації (УДК) (НП) | 343.359.9 |
| 090 ## - Локальний шифр розміщення | |
| Класифікаційний індекс УДК | 343.359.9 |
| 095 ## - Код спеціальності для авторефератів | |
| Код спеціальності | 12.00.08 |
| Назва спеціальності | кримінальне право та кримінологія; кримінально-виконавче право |
| 100 ## - Основне введення – ім’я особи | |
| Ім’я особи (НП) | Грачов С. В. |
| 245 ## - Відомості про назву | |
| Назва (НП) | Відповідальність за порушення порядку здійснення міжнародних передач товарів,що підлягають державному експортному контролю, за кримінальним законодавством України |
| Дані про відповідальність (НП) | Грачов Сергій Володимирович; наук. керівник Шамара Олександр Володимирович |
| 260 ## - Публікація, розповсюдження і т.п. (Вихідні дані) | |
| Місце публікації, розповсюдження і т.п. (П) | Київ |
| Дата публікації, розповсюдження і т.п. (П) | 2014 |
| 300 ## - Фізичний опис | |
| Обсяг | 20 с. |
| 502 ## - Примітка про дисертацію | |
| Зв'язок | Автореферат дисертації на здобуття наукового ступеня кандидата юридичних наук<br/> |
| Наймення інституції, що представляється | Київський національний університет імені Тараса Шевченка |
| Рік отримання вченого ступеня | 2014 |
| 520 ## - Резюме і т.п. | |
| Резюме, реферат, анотація, тощо (НП) | Дисертацію присвячено дослідженню проблем кримінальної відповідальності за порушення порядку здійснення міжнародних передач контрольованих товарів. Розкрито історичну ретроспективу кримінально-правової протидії порушенню порядку здійснення міжнародних передач контрольованих товарів. З урахуванням доктринальних здобутків, напрацювань правозастосовної практики і положень регулятивного законодавства, здійснено поглиблений кримінально-правовий аналіз об’єктивних і суб’єктивних ознак складу злочину, передбаченого ст. 333 КК України. Розглянуто питання, пов’язані з регламентацією покарання за вчинення цього злочину та його призначення. За результатами проведеного дослідження сформульовано пропозиції щодо вдосконалення КК України та інших нормативно- правових актів, які регулюють здійснення міжнародних передач таких товарів. |
| 650 ## - Додаткове предметне введення – тематичний термін | |
| Джерело заголовка чи терміна | UDC |
| Тематичний термін чи географічна назва, як елемент введення (НП) | 34 Право |
| 942 ## - Додаткові елементи входу (Коха) | |
| Source of classification or shelving scheme | Universal Decimal Classification |
| Тип елемента Koha | Автореферат |
Немає доступних примірників.